| 000 | 00760cam a22002412 4500 | ||
|---|---|---|---|
| 001 | 0000020300 | ||
| 005 | 20151217155228.0 | ||
| 008 | 110909s xx 000 0 eng d | ||
| 020 | _a0803610378 : | ||
| 040 |
_aKABU _cKABU |
||
| 245 | 1 | 0 |
_aUnderstanding medical-surgical nursing / _c[edited by] Linda S. Williams, Paula D.Hopper. |
| 250 | _a2nd ed. | ||
| 260 |
_aPhildelphia, PA : _bF. A. Davis, _c1999. |
||
| 300 | _axxviii, 1124 p. | ||
| 650 | 0 |
_aNursing. _@0000155852 |
|
| 650 | 0 |
_aSurgical nursing. _@0000179839 |
|
| 650 | 0 |
_aNursing care. _@0000179336 |
|
| 700 | 1 |
_aWilliams, Linda S. _@0000180451 |
|
| 700 | 1 |
_aHopper, Paula D. _@0000180452 |
|
| 852 | 1 | _9p6200 KES | |
| 908 | _a110909 | ||
| 950 | _@1 | ||
| 999 |
_c12133 _d12133 |
||